000 00639nam a22002057a 4500
003 OSt
005 20230919121942.0
008 230919s1987 mx |||||r|||| 001 0 spa d
040 _cCHAP
_erda
090 _aFolleto 18517
100 0 _948850
_aGonzález Dávila, Sebastián
245 _aMéxico en poesia /
_cpor Sebastián González Dávila.
264 _aMéxico, D. F. :
_bs.e.
_c1987.
300 _a42 páginas.
336 _2rdacontent
_atexto
_btxt
337 _2rdamedia
_asin medio
_bn
338 _2rdacarrier
_avolumen
_bnc
650 7 _990146
_aPoesía mexicana
942 _2Clasificación Universidad Autónoma Chapingo
_cFolleto
999 _c219163
_d219163